<?xml version="1.0" encoding="UTF-8"?>
<record
    xmlns:xsi="http://www.w3.org/2001/XMLSchema-instance"
    xsi:schemaLocation="http://www.loc.gov/MARC21/slim http://www.loc.gov/standards/marcxml/schema/MARC21slim.xsd"
    xmlns="http://www.loc.gov/MARC21/slim">

  <leader>02365nam a2200337   4500</leader>
  <controlfield tag="001">52</controlfield>
  <controlfield tag="003">OSt</controlfield>
  <controlfield tag="005">20250528074010.0</controlfield>
  <controlfield tag="008">250122b        |||||||e |||| 00| 1 eng d</controlfield>
  <datafield tag="040" ind1=" " ind2=" ">
    <subfield code="b">por</subfield>
  </datafield>
  <datafield tag="041" ind1=" " ind2=" ">
    <subfield code="h">spa</subfield>
    <subfield code="a">por</subfield>
  </datafield>
  <datafield tag="082" ind1=" " ind2=" ">
    <subfield code="a">863</subfield>
    <subfield code="b">B467c</subfield>
  </datafield>
  <datafield tag="100" ind1="1" ind2=" ">
    <subfield code="a">Ben&#xED;tez, J. J.,</subfield>
    <subfield code="d">1946-</subfield>
    <subfield code="9">143</subfield>
  </datafield>
  <datafield tag="240" ind1=" " ind2=" ">
    <subfield code="a">Caballo de Troya 3</subfield>
  </datafield>
  <datafield tag="245" ind1=" " ind2=" ">
    <subfield code="a">Opera&#xE7;&#xE3;o Cavalo de Troia: </subfield>
    <subfield code="b">Kennereth /</subfield>
    <subfield code="c">Benitez, J. J. ; Tradu&#xE7;&#xE3;o de Herminio Tricca</subfield>
  </datafield>
  <datafield tag="260" ind1=" " ind2=" ">
    <subfield code="a">S&#xE3;o Paulo</subfield>
    <subfield code="b">Mercuryo</subfield>
    <subfield code="c">1989</subfield>
  </datafield>
  <datafield tag="300" ind1=" " ind2=" ">
    <subfield code="a">456 p.</subfield>
  </datafield>
  <datafield tag="490" ind1="1" ind2=" ">
    <subfield code="a">Cavalo de Troia </subfield>
    <subfield code="v">vol. 03</subfield>
  </datafield>
  <datafield tag="500" ind1=" " ind2=" ">
    <subfield code="a">Cavalo de Troia Sadan</subfield>
  </datafield>
  <datafield tag="520" ind1=" " ind2=" ">
    <subfield code="a">"Cavalo de Tr&#xF3;ia 3 : Kennereth" &#xE9; a transcri&#xE7;&#xE3;o da terceira parte do di&#xE1;rio do major da For&#xE7;a A&#xE9;rea dos Estados Unidos a que J. J. Ben&#xED;tez teve acesso com exclusividade em 1980. Neste documento, o major relata sua volta no tempo e sua visita &#xE0; Palestina de Jesus de Nazar&#xE9;. A passagem transcrita neste volume apresenta novas apari&#xE7;&#xF5;es do Nazareno a seus disc&#xED;pulos, &#xE0;s margens do Tiber&#xED;ades, em Saidan, com a minuciosa an&#xE1;lise do "Corpo Glorioso", o misterioso corpo ressuscitado do rabi. O major entrevista Maria e descobre muitos detalhes desconhecidos sobre a assombrosa "vida oculta" do filho de Deus, em passagens surpreendentes que n&#xE3;o foram nem mesmo mencionadas pelos evangelistas sobre a inf&#xE2;ncia e a adolesc&#xEA;ncia de Jesus, os chamados "anos ocultos". Trata-se de um per&#xED;odo essencial para se compreender sua "vida p&#xFA;blica", seus prop&#xF3;sitos e, assim, fazer encaixar as pe&#xE7;as de sua complexa, agitada e sempre fascinante etapa de predica&#xE7;&#xE3;o, ou seja, a singular passagem do Filho do Homem sobre &#xE0; terra. Ao contr&#xE1;rio dos demais jovens de Nazar&#xE9;, em sua mente fervilhavam grandes ideias. Uma delas, sobretudo, continuava germinando obscura e silenciosamente: "Iluminar a humanidade. Falar aos homens sobre o Pai celestial". As d&#xFA;vidas eram muitas no princ&#xED;pio&#x2026; Quem era realmente? O que significava o Pai do c&#xE9;u para Ele? Qual era exatamente sua miss&#xE3;o? O que lhe reservava o Destino?</subfield>
  </datafield>
  <datafield tag="650" ind1=" " ind2="0">
    <subfield code="a">Literatura espanhola</subfield>
    <subfield code="9">144</subfield>
  </datafield>
  <datafield tag="650" ind1=" " ind2="0">
    <subfield code="a">Fic&#xE7;&#xE3;o Cient&#xED;fica </subfield>
    <subfield code="9">63</subfield>
  </datafield>
  <datafield tag="650" ind1=" " ind2="0">
    <subfield code="a">Viagem no tempo</subfield>
    <subfield code="9">145</subfield>
  </datafield>
  <datafield tag="650" ind1=" " ind2="0">
    <subfield code="a">A&#xE7;&#xE3;o</subfield>
    <subfield code="9">64</subfield>
  </datafield>
  <datafield tag="650" ind1=" " ind2="0">
    <subfield code="a">Religi&#xE3;o</subfield>
    <subfield code="9">100</subfield>
  </datafield>
  <datafield tag="655" ind1=" " ind2="0">
    <subfield code="a">Romance</subfield>
    <subfield code="9">23</subfield>
  </datafield>
  <datafield tag="655" ind1=" " ind2="0">
    <subfield code="a">Fic&#xE7;&#xE3;o </subfield>
    <subfield code="9">22</subfield>
  </datafield>
  <datafield tag="700" ind1=" " ind2=" ">
    <subfield code="a">Herminio Tricca</subfield>
    <subfield code="e">Tradutor</subfield>
    <subfield code="9">146</subfield>
  </datafield>
  <datafield tag="830" ind1=" " ind2=" ">
    <subfield code="a">Cavalo de Troia</subfield>
    <subfield code="v">vol. 03</subfield>
    <subfield code="9">147</subfield>
  </datafield>
  <datafield tag="942" ind1=" " ind2=" ">
    <subfield code="2">ddc</subfield>
    <subfield code="n">0</subfield>
    <subfield code="c">BK</subfield>
  </datafield>
  <datafield tag="952" ind1=" " ind2=" ">
    <subfield code="0">0</subfield>
    <subfield code="1">0</subfield>
    <subfield code="2">ddc</subfield>
    <subfield code="3">vol. 03</subfield>
    <subfield code="4">0</subfield>
    <subfield code="7">0</subfield>
    <subfield code="8">FIC</subfield>
    <subfield code="a">BIBIB</subfield>
    <subfield code="b">BIBIB</subfield>
    <subfield code="c">LE</subfield>
    <subfield code="d">1989-07-26</subfield>
    <subfield code="e">doa&#xE7;&#xE3;o</subfield>
    <subfield code="l">0</subfield>
    <subfield code="o">863 / B467c</subfield>
    <subfield code="p">2025-8280</subfield>
    <subfield code="r">2025-01-20 08:34:18</subfield>
    <subfield code="w">2025-01-20</subfield>
    <subfield code="y">BK</subfield>
  </datafield>
  <datafield tag="999" ind1=" " ind2=" ">
    <subfield code="c">52</subfield>
    <subfield code="d">52</subfield>
  </datafield>
</record>
